000 00439nam a22001217a 4500
005 20260629134434.0
100 _aAgha Aamir Raza
_a21MEEE01
_aSupervisor - Prof Dr Kishan Chand Mukwana
_91040
245 _aMaping of Nitrate and Nitrites Pollutants in Drinking Water in District Shaheed Benazirabad (Thesis ME)
260 _aNawabshah
_bQUEST
_c2025
300 _a82p.
700 _aDepartment of Environment Engineering
_91039
942 _cTHESIS
999 _c69095
_d69092